Manual de odontología básica integrada (Registro nro. 3778)
[ vista simple ]
| 000 -Cabecera | |
|---|---|
| Campo de control de longitud fija | 01643aam a2200409 4500 |
| 005 - Fecha y hora de la última transacción | |
| Campo de control | 20251015154600.0 |
| 008 - Elementos de longitud fija--Información general | |
| Campo de control de longitud fija | 150309b2008 xxu||||| |||| 00| 0 spa d |
| 020 ## - International Standard Book Number | |
| Número Internacional Estándar del Libro (ISBN) | 9789586773988 |
| 041 ## - Idioma | |
| Código de idioma | Español |
| 082 ## - Clasificación Decimal Dewey | |
| Número de clasificación | 617.6 M938m |
| 100 ## - Entrada principal--Autor personal | |
| Nombre personal | Moya, Mauricio |
| 9 (RLIN) | 16367 |
| 100 ## - Entrada principal--Autor personal | |
| Nombre personal | Pinzón, Mercedes |
| 9 (RLIN) | 16368 |
| 100 ## - Entrada principal--Autor personal | |
| Nombre personal | Forero, Darío |
| 9 (RLIN) | 16369 |
| 245 ## - Título propiamente dicho | |
| Título | Manual de odontología básica integrada |
| 260 ## - Pie de imprenta | |
| Lugar de publicación, distribución, etc. | Colombia |
| Nombre del editor, distribuidor, etc. | Zamora Editores |
| Fecha de publicación, distribución, etc. | 2008 |
| 300 ## - Descripción física | |
| Extensión | 404 páginas |
| 300 ## - Descripción física | |
| Otras características físicas | Ilustraciones a color |
| 490 ## - Serie | |
| Título de la Serie | Mecánica Dental |
| 505 ## - Nota de contenido | |
| Nota de contenido | Tomo I: Relaciones humanas. Historia de la odontología. Farmacología. La unidad asistencial odontológica. Funciones del auxiliar de consultorio odontológico. Bioseguridad. Embriología e histología oral. <br/>Anatomía del sistema estomatognático. Semiología e historia clínica en salud oral. Primeros auxilios en la unidad aistencial odontológica. Patología oral y maxilofacial. |
| 505 ## - Nota de contenido | |
| Nota de contenido | Tomo II: Promoción y prevención. Anestesia. Rehabilitación oral - prostodoncia. Endodoncia. Ortodoncia en la práctica general. Odontopediatría. Periodoncia. Cirugía. Radiología dental. |
| 650 ## - Materia general | |
| Temática (materia general) | ODONTOLOGÍA |
| 650 ## - Materia general | |
| Temática (materia general) | HISTORIA DE LA ODONTOLOGÍA |
| 650 ## - Materia general | |
| Temática (materia general) | FARMACOLOGÍA |
| 650 ## - Materia general | |
| Temática (materia general) | EMBRIOLOGÍA |
| 650 ## - Materia general | |
| Temática (materia general) | SISTEMA ESTOMATOGNÁTICO |
| 650 ## - Materia general | |
| Temática (materia general) | PRIMEROS AUXILIOS |
| 650 ## - Materia general | |
| Temática (materia general) | PATOLOGÍA ORAL |
| 650 ## - Materia general | |
| Temática (materia general) | ANESTESIA |
| 650 ## - Materia general | |
| Temática (materia general) | ENDODONCIA |
| 650 ## - Materia general | |
| Temática (materia general) | ORTODONCIA |
| 650 ## - Materia general | |
| Temática (materia general) | ODONTOPEDIATRÍA |
| 650 ## - Materia general | |
| Temática (materia general) | RADIOLOGÍA DENTAL |
| 650 ## - Materia general | |
| Temática (materia general) | PROSTODONCIA |
| 650 ## - Materia general | |
| Temática (materia general) | PERIODONCIA |
| 650 ## - Materia general | |
| Temática (materia general) | SALUD ORAL |
| 942 ## - Punto de acceso adicional KOHA | |
| Tipo de ítem KOHA | Libro |
| Fuente del sistema de clasificación o colocación | Dewey Decimal Classification |
| Signatura completa | Código de barras | Tipo de ítem | Programa Académico |
|---|---|---|---|
| 617.6 M938m | 12619 | Libro | |
| 617.6 M938m | 12620 | Libro | Mecánica Dental |